[Event "World ol U16"]
[Site "Nakhchivan"]
[Date "2022.10.06"]
[Round "5.12"]
[White "Zhao, Jeffrey R"]
[Black "Humbatova, Nazli"]
[Result "1-0"]
[WhiteElo "1774"]
[BlackElo "1632"]
[PlyCount "105"]
[EventDate "2022.10.02"]
[EventType "team-swiss"]
[EventRounds "9"]
[EventCountry "AZE"]
[SourceTitle "CBM 210 Extra"]
[Source "ChessBase"]
[SourceDate "2022.11.30"]
[SourceVersion "1"]
[SourceVersionDate "2022.11.30"]
[SourceQuality "1"]
[WhiteTeam "Canada"]
[BlackTeam "Azerbaijan Nakhchivan"]
[WhiteTeamCountry "CAN"]
[BlackTeamCountry "AZE"]

1. e4 e6 2. d4 d5 3. Nc3 Bb4 4. e5 c5 5. a3 Bxc3+ 6. bxc3 Qa5 7. Bd2 Qa4 8. Qb1 c4 9. Ne2 Nc6 10. Nf4 g6 11. h4 h5 12. Nh3 Bd7 13. Bg5 Qa5 14. Bd2 Qa4 15. Ng5 Nh6 16. Qc1 Nf5 17. Be2 Rc8 18. Nf3 Kd8 19. Bg5+ Kc7 20. Bf6 Rhf8 21. 0-0 a6 22. Qd2 Kb8 23. Rfb1 Ka7 24. g3 Rb8 25. Bf1 b6 26. Bh3 Rb7 27. Kg2 Rfb8 28. Ng5 Bc8 29. Nh7 Qa5 30. Bg5 b5 31. Nf6 Nfe7 32. Ne8 Nf5 33. Bxf5 exf5 34. Nd6 Rc7 35. a4 bxa4 36. Rxb8 Kxb8 37. Qe1 Be6 38. Kf1 Ka7 39. Bc1 f4 40. Ba3 f3 41. Bc5+ Ka8 42. Rb1 a3 43. Bb6 Qa4 44. Bxc7 a2 45. Rc1 Bh3+ 46. Kg1 Ne7 47. Qd1 Bg2 48. e6 fxe6 49. Ra1 Ka7 50. Qc1 Qd7 51. Rxa2 e5 52. Rxa6+ Kxa6 53. Qa3+ 1-0

[Event "World ol U16"]
[Site "Nakhchivan"]
[Date "2022.10.03"]
[Round "2.13"]
[White "Rzayev, Murad"]
[Black "Zhao, Jeffrey R"]
[Result "1-0"]
[WhiteElo "1242"]
[BlackElo "1774"]
[PlyCount "111"]
[EventDate "2022.10.02"]
[EventType "team-swiss"]
[EventRounds "9"]
[EventCountry "AZE"]
[SourceTitle "CBM 210 Extra"]
[Source "ChessBase"]
[SourceDate "2022.11.30"]
[SourceVersion "1"]
[SourceVersionDate "2022.11.30"]
[SourceQuality "1"]
[WhiteTeam "Azerbaijan Sumgayit"]
[BlackTeam "Canada"]
[WhiteTeamCountry "AZE"]
[BlackTeamCountry "CAN"]

1. d4 Nf6 2. c4 g6 3. Nc3 Bg7 4. e4 d6 5. Nf3 0-0 6. Be2 e5 7. d5 a5 8. 0-0 Na6 9. Bg5 h6 10. Bd2 Nh5 11. Qc1 Nf4 12. Bxf4 exf4 13. Qxf4 f5 14. exf5 Bxf5 15. Qd2 Qf6 16. Rad1 Rae8 17. Nd4 Bc8 18. Bf3 b6 19. Ne4 Qf7 20. Ng3 Nc5 21. Rfe1 Kh7 22. b3 Bd7 23. Ne4 Be5 24. Qc2 Qg7 25. Nxc5 bxc5 26. Nc6 Bxc6 27. dxc6 Rxf3 28. gxf3 Qf6 29. Re3 Rf8 30. Qe4 Qg7 31. Rd5 Rf4 32. Rxe5 dxe5 33. Qxe5 Qf7 34. Qe7 Rxf3 35. Qxf7+ Rxf7 36. Re5 a4 37. bxa4 Kg7 38. Rxc5 Kf8 39. a5 Rf3 40. Rb5 Ke7 41. Rb3 Rf5 42. Ra3 Rf8 43. Rd3 Ke6 44. Rd7 Ra8 45. Rxc7 Rxa5 46. Rh7 Rc5 47. c7 h5 48. a4 Kd6 49. a5 Rxc4 50. Kg2 Rxc7 51. Rxc7 Kxc7 52. Kf3 Kb7 53. Kf4 Ka6 54. Kg5 Kxa5 55. Kxg6 h4 56. f4 1-0

[Event "CAN-ch U20"]
[Site "Toronto"]
[Date "2019.08.11"]
[Round "7"]
[White "Tanaka, Taira Tyler"]
[Black "Zhao, Jeffrey R"]
[Result "1-0"]
[WhiteElo "2103"]
[BlackElo "1858"]
[PlyCount "51"]
[EventDate "2019.08.08"]
[EventType "swiss"]
[EventRounds "8"]
[EventCountry "CAN"]
[SourceTitle "CBM 191 Extra"]
[Source "ChessBase"]
[SourceDate "2019.09.30"]
[SourceVersion "1"]
[SourceVersionDate "2019.09.30"]
[SourceQuality "1"]

1. e4 c5 2. Nf3 d6 3. Nc3 a6 4. g3 b5 5. Bg2 Bb7 6. d4 cxd4 7. Nxd4 Nf6 8. 0-0 e6 9. Re1 Qc7 10. Qe2 Nbd7 11. Bg5 Be7 12. Nd5 Nxd5 13. exd5 e5 14. Bxe7 Kxe7 15. Nc6+ Bxc6 16. dxc6 Nb8 17. c4 Nxc6 18. cxb5 axb5 19. Rac1 Ra6 20. Qxb5 Rb6 21. Rxc6 Rxb5 22. Rxc7+ Ke6 23. b3 Rhb8 24. Rd1 d5 25. Rc6+ Kd7 26. Ra6 1-0

[Event "Scarborough CC-ch"]
[Site "Toronto"]
[Date "2019.04.11"]
[Round "2.4"]
[White "Lin, Benjamin1111"]
[Black "Zhao, Jeffrey R"]
[Result "1-0"]
[WhiteElo "2071"]
[BlackElo "2076"]
[PlyCount "65"]
[EventDate "2019.04.04"]
[EventType "swiss"]
[EventRounds "8"]
[EventCountry "CAN"]
[SourceTitle "EXT 2022"]
[Source "ChessBase"]
[SourceDate "2021.10.06"]
[SourceVersion "1"]
[SourceVersionDate "2021.10.06"]
[SourceQuality "1"]

1. d4 Nf6 2. c4 g6 3. f3 Bg7 4. e4 d6 5. Nc3 0-0 6. Be3 e5 7. Nge2 c6 8. d5 cxd5 9. Nxd5 Nxd5 10. Qxd5 Nc6 11. 0-0-0 Be6 12. Qxd6 Qa5 13. Nc3 Rfc8 14. Qc5 Bh6 15. Kb1 Bxe3 16. Qxe3 Nd4 17. Nd5 Nc6 18. h4 b5 19. h5 Rf8 20. Nf6+ Kg7 21. Nxh7 Rfd8 22. Rc1 Qd2 23. Qxd2 Rxd2 24. Ng5 b4 25. Nxe6+ fxe6 26. hxg6 Kxg6 27. c5 Rad8 28. Bb5 Nd4 29. Ba6 Rd7 30. Rh8 Rc7 31. Rc8 Nb5 32. Rg8+ Kh7 33. Rg3 1-0

[Event "Newmarket Aurora Fall op"]
[Site "Newmarket"]
[Date "2018.10.21"]
[Round "4.10"]
[White "Colvin, Andrew"]
[Black "Zhao, Jeffrey R"]
[Result "1-0"]
[WhiteElo "2071"]
[BlackElo "1995"]
[PlyCount "73"]
[EventDate "2018.10.20"]
[EventType "swiss"]
[EventRounds "5"]
[EventCountry "CAN"]
[SourceTitle "EXT 2022"]
[Source "ChessBase"]
[SourceDate "2021.10.06"]
[SourceVersion "1"]
[SourceVersionDate "2021.10.06"]
[SourceQuality "1"]

1. d4 Nf6 2. c4 g6 3. Nc3 Bg7 4. e4 d6 5. Nf3 0-0 6. Be2 e5 7. 0-0 Nc6 8. d5 Ne7 9. Ne1 Nd7 10. f3 f5 11. Be3 f4 12. Bf2 g5 13. Nd3 Ng6 14. c5 Nf6 15. a4 Rf7 16. cxd6 cxd6 17. Nb5 g4 18. Rc1 g3 19. hxg3 Nh5 20. Qe1 fxg3 21. Bxg3 Bh6 22. Rc2 Qg5 23. Bf2 Bh3 24. g4 Raf8 25. Nxd6 Rxf3 26. Bxf3 Rxf3 27. Rc8+ Bf8 28. Kh2 Bxf1 29. Qxf1 Nhf4 30. Nxf4 Nxf4 31. Nf5 Kf7 32. Rxf8+ Kxf8 33. Bc5+ Ke8 34. Qxf3 Qg8 35. Qb3 Qxg4 36. Qb5+ Kd8 37. Be7+ 1-0

[Event "Scarborough CC Howard Ridout"]
[Site "Toronto"]
[Date "2018.10.04"]
[Round "4.3"]
[White "Gao, Raymond"]
[Black "Zhao, Jeffrey R"]
[Result "0-1"]
[WhiteElo "1928"]
[BlackElo "1906"]
[PlyCount "132"]
[EventDate "2018.09.13"]
[EventType "swiss"]
[EventRounds "7"]
[EventCountry "CAN"]
[SourceTitle "EXT 2022"]
[Source "ChessBase"]
[SourceDate "2021.10.06"]
[SourceVersion "1"]
[SourceVersionDate "2021.10.06"]
[SourceQuality "1"]

1. e4 c5 2. Nf3 d6 3. d4 cxd4 4. Qxd4 a6 5. c4 Nc6 6. Qe3 g6 7. Nc3 Bg7 8. Be2 Qa5 9. Bd2 Bg4 10. Nd5 Qd8 11. Bc3 Bxc3+ 12. Qxc3 Nf6 13. Rd1 e5 14. Qe3 Bxf3 15. Bxf3 0-0 16. Nc3 Nd4 17. Kf1 Qa5 18. h4 Rac8 19. Qg5 Kg7 20. h5 h6 21. Qe3 g5 22. Be2 b5 23. g3 b4 24. Nd5 Nxd5 25. exd5 Qxa2 26. Rxd4 exd4 27. Qxd4+ f6 28. Qe4 f5 29. Qe6 Qb1+ 30. Kg2 Qe4+ 31. Qxe4 fxe4 32. Ra1 Ra8 33. b3 Kf6 34. Bd1 Ke5 35. Ra2 Kd4 36. Kf1 e3 37. f3 Kd3 38. Bc2+ Kd2 39. Be4+ Kc3 40. c5 Kxb3 41. Ra5 dxc5 42. Rxc5 Rac8 43. Ra5 Rf6 44. Ke2 Kc3 45. Ra1 Rb8 46. Kxe3 b3 47. Ra3 Kb4 48. Ra1 b2 49. Rd1 Kc4 50. Bc2 Rd6 51. Ke4 Re8+ 52. Kf5 Rxd5+ 53. Rxd5 Kxd5 54. Kg6 Re6+ 55. Kg7 Rb6 56. Bb1 Kd4 57. f4 gxf4 58. gxf4 a5 59. f5 Ke5 60. Kh7 a4 61. f6 Rxf6 62. Bg6 Rxg6 63. hxg6 b1Q 64. Kh8 Qg1 65. Kh7 Qxg6+ 66. Kh8 Qg1 0-1

[Event "Scarborough CC Howard Ridout"]
[Site "Toronto"]
[Date "2018.09.20"]
[Round "2.6"]
[White "Tavana, Joseph"]
[Black "Zhao, Jeffrey R"]
[Result "0-1"]
[WhiteElo "1735"]
[BlackElo "1906"]
[PlyCount "48"]
[EventDate "2018.09.13"]
[EventType "swiss"]
[EventRounds "7"]
[EventCountry "CAN"]
[SourceTitle "EXT 2022"]
[Source "ChessBase"]
[SourceDate "2021.10.06"]
[SourceVersion "1"]
[SourceVersionDate "2021.10.06"]
[SourceQuality "1"]

1. d4 Nf6 2. e3 g6 3. Bd3 Bg7 4. Nf3 d6 5. b3 e5 6. dxe5 dxe5 7. e4 Bg4 8. Ba3 Bf8 9. Bxf8 Kxf8 10. h3 Bxf3 11. Qxf3 Kg7 12. 0-0 Nc6 13. c3 Qe7 14. Bb5 Qc5 15. Bxc6 Qxc6 16. Nd2 Rad8 17. Rad1 Rd6 18. Nc4 Rxd1 19. Rxd1 Qxe4 20. Qxe4 Nxe4 21. Rd7 Rc8 22. Nxe5 Kf6 23. f4 Nd6 24. c4 Ke6 0-1

[Event "CAN-ch U20 op"]
[Site "Toronto"]
[Date "2018.08.12"]
[Round "8.5"]
[White "Gao, Raymond"]
[Black "Zhao, Jeffrey R"]
[Result "1-0"]
[WhiteElo "1736"]
[BlackElo "2017"]
[PlyCount "49"]
[EventDate "2018.08.08"]
[EventType "swiss"]
[EventRounds "9"]
[EventCountry "CAN"]
[SourceTitle "EXT 2022"]
[Source "ChessBase"]
[SourceDate "2021.10.06"]
[SourceVersion "1"]
[SourceVersionDate "2021.10.06"]
[SourceQuality "1"]

1. e4 c5 2. Nf3 e6 3. d4 cxd4 4. Nxd4 Nf6 5. Nc3 Bb4 6. Ndb5 Qa5 7. a3 Bxc3+ 8. Nxc3 Nxe4 9. Qd4 Nxc3 10. b4 Qd5 11. Qxc3 0-0 12. Bb2 f6 13. Bd3 Nc6 14. 0-0-0 Qg5+ 15. Kb1 d5 16. h4 Qh5 17. g4 Qxg4 18. h5 Ne5 19. Rdg1 Qf4 20. Qc7 Rf7 21. Qd8+ Rf8 22. Bxh7+ Kxh7 23. Qxf8 Ng4 24. h6 gxh6 25. Rxg4 1-0

[Event "CAN-ch U20 op"]
[Site "Toronto"]
[Date "2018.08.09"]
[Round "3.10"]
[White "Zhao, Jeffrey R"]
[Black "Rusonik, Max"]
[Result "0-1"]
[WhiteElo "2017"]
[BlackElo "1970"]
[PlyCount "108"]
[EventDate "2018.08.08"]
[EventType "swiss"]
[EventRounds "9"]
[EventCountry "CAN"]
[SourceTitle "EXT 2022"]
[Source "ChessBase"]
[SourceDate "2021.10.06"]
[SourceVersion "1"]
[SourceVersionDate "2021.10.06"]
[SourceQuality "1"]

1. e4 e5 2. Nf3 Nc6 3. Bc4 Bc5 4. 0-0 Nf6 5. d3 d6 6. c3 Bb6 7. a4 a6 8. Na3 h6 9. Re1 g5 10. Nc2 g4 11. Nh4 Nxe4 12. dxe4 Qxh4 13. Be3 Bxe3 14. Nxe3 Ne7 15. Nd5 Nxd5 16. Qxd5 Qe7 17. Rf1 c6 18. Qd3 Be6 19. b4 Bxc4 20. Qxc4 Qe6 21. Qd3 Ke7 22. f4 gxf3 23. Rxf3 Rad8 24. Raf1 Rhf8 25. Qe3 d5 26. Rf5 f6 27. Qxh6 dxe4 28. Qh4 Rd3 29. Qxe4 Rxc3 30. Rd1 Rc4 31. Qb1 Rd8 32. Rdf1 Rf8 33. Rd1 e4 34. Rf2 e3 35. Re2 f5 36. Qd3 Re4 37. Qc3 Re5 38. Rf1 f4 39. Qd4 Rd5 40. Qc4 Qe5 41. Qc2 Rf7 42. Qb3 Qe4 43. h3 Rd3 44. Qc2 Qd4 45. Rf3 Rd2 46. Rexe3+ fxe3 47. Rxf7+ Kxf7 48. Qh7+ Ke6 49. Qg8+ Ke5 50. Qg7+ Kd5 51. Qf7+ Kd6 52. Qf8+ Kc7 53. Qe7+ Kb8 54. Qe8+ Ka7 0-1

[Event "CAN-ch U14"]
[Site "Quebec"]
[Date "2018.07.05"]
[Round "7.33"]
[White "Mirabelli, Aidan"]
[Black "Zhao, Jeffrey R"]
[Result "0-1"]
[WhiteElo "1592"]
[BlackElo "1973"]
[PlyCount "94"]
[EventDate "2018.07.02"]
[EventType "swiss"]
[EventRounds "7"]
[EventCountry "CAN"]
[SourceTitle "EXT 2022"]
[Source "ChessBase"]
[SourceDate "2021.10.06"]
[SourceVersion "1"]
[SourceVersionDate "2021.10.06"]
[SourceQuality "1"]

1. e4 e5 2. Nf3 Nc6 3. Bc4 Bc5 4. c3 Nf6 5. d4 exd4 6. cxd4 Bb4+ 7. Bd2 Bxd2+ 8. Nbxd2 d5 9. exd5 Nxd5 10. 0-0 0-0 11. a3 Bg4 12. Be2 Nf4 13. Nb3 Qd5 14. Re1 Rae8 15. Nbd2 Nxe2+ 16. Rxe2 Rxe2 17. Qxe2 Nxd4 18. Qe7 Nxf3+ 19. Nxf3 Bxf3 20. gxf3 c5 21. Qe4 Qb3 22. Qe5 b6 23. f4 Qe6 24. f3 Re8 25. Qxe6 Rxe6 26. Rd1 g6 27. Kf2 Kg7 28. h4 h5 29. Rd5 Kf6 30. a4 a6 31. Rd7 Rc6 32. Ke3 Ke6 33. Rd8 Rd6 34. Rxd6+ Kxd6 35. f5 Ke5 36. fxg6 fxg6 37. b3 b5 38. a5 c4 39. bxc4 bxc4 40. f4+ Kd5 41. Kd2 Kc5 42. Kc3 Kb5 43. Kd4 Kb4 44. Ke5 c3 45. Kf6 c2 46. Kxg6 c1Q 47. Kxh5 Qxf4 0-1

[Event "Scarborough CC Spring into Summer"]
[Site "Toronto"]
[Date "2018.06.07"]
[Round "2.6"]
[White "Huang, Youhe"]
[Black "Zhao, Jeffrey R"]
[Result "1/2-1/2"]
[WhiteElo "1950"]
[BlackElo "1833"]
[PlyCount "47"]
[EventDate "2018.05.31"]
[EventType "swiss"]
[EventRounds "5"]
[EventCountry "CAN"]
[SourceTitle "EXT 2022"]
[Source "ChessBase"]
[SourceDate "2021.10.06"]
[SourceVersion "1"]
[SourceVersionDate "2021.10.06"]
[SourceQuality "1"]

1. e4 c5 2. Nf3 d6 3. d4 cxd4 4. Nxd4 Nf6 5. Nc3 a6 6. Bg5 e6 7. f4 Be7 8. Qf3 Qc7 9. 0-0-0 b5 10. e5 Bb7 11. exd6 Bxd6 12. Qe3 Be7 13. f5 e5 14. Ndxb5 axb5 15. Nxb5 Qa5 16. Qxe5 Nc6 17. Nd6+ Kf8 18. Qf4 Qc7 19. Bh6 gxh6 20. Qxh6+ Kg8 21. Qg5+ Kf8 22. Qh6+ Kg8 23. Qg5+ Kf8 24. Qh6+ 1/2-1/2

[Event "Aurora Spring op U2000"]
[Site "Aurora"]
[Date "2018.03.24"]
[Round "3.10"]
[White "Maheux, Pierre"]
[Black "Zhao, Jeffrey R"]
[Result "1/2-1/2"]
[WhiteElo "1675"]
[BlackElo "1787"]
[PlyCount "156"]
[EventDate "2018.03.24"]
[EventType "swiss"]
[EventRounds "5"]
[EventCountry "CAN"]
[SourceTitle "EXT 2022"]
[Source "ChessBase"]
[SourceDate "2021.10.06"]
[SourceVersion "1"]
[SourceVersionDate "2021.10.06"]
[SourceQuality "1"]

1. e4 c5 2. Nf3 d6 3. Nc3 Nf6 4. d4 cxd4 5. Nxd4 a6 6. Be2 e6 7. Be3 Qc7 8. 0-0 b5 9. a3 Bb7 10. f3 Be7 11. Qe1 d5 12. exd5 Nxd5 13. Nxd5 Bxd5 14. Bd3 0-0 15. Rd1 Nd7 16. c3 Nb6 17. Kh1 Nc4 18. Bc1 Rac8 19. Be4 Rfd8 20. f4 Rd7 21. f5 e5 22. Nf3 Rcd8 23. Bxd5 Rxd5 24. Rxd5 Rxd5 25. Qe4 Qd6 26. h3 Bd8 27. h4 Na5 28. Be3 Nc4 29. Bg1 Nb6 30. Be3 Nd7 31. Bg5 Bc7 32. Be7 Qc6 33. f6 g6 34. Nh2 Nc5 35. Qe3 Ne6 36. Ng4 Qe8 37. Nf2 Bd8 38. Bxd8 Qxd8 39. Ne4 Rd3 40. Qa7 Qd5 41. Ng5 Nf8 42. Qxa6 e4 43. Qc8 Rd1 44. Rxd1 Qxd1+ 45. Kh2 Qd6+ 46. Kh3 Qxf6 47. Nxe4 Qe5 48. Qc6 Ne6 49. g3 Qf5+ 50. Kg2 Kg7 51. Nf2 g5 52. Qe4 Qf6 53. hxg5 Qd8 54. Qe5+ Kg8 55. Ne4 Qd1 56. Nf6+ Kf8 57. Nxh7+ Ke7 58. Nf6 Qd2+ 59. Kf1 Qc1+ 60. Qe1 Qxg5 61. Ne4 Qf5+ 62. Kg2 Qd5 63. Qe3 f5 64. Kf2 Qxe4 65. Qxe4 fxe4 66. Ke3 Ng5 67. b3 Kd6 68. Kd4 Ne6+ 69. Kxe4 Nc5+ 70. Kd4 Nxb3+ 71. Kd3 Kc5 72. g4 Kd5 73. g5 Nc5+ 74. Kc2 Ne6 75. Kb3 Kc5 76. g6 Ng7 77. a4 bxa4+ 78. Kxa4 Kc4 1/2-1/2

[Event "Aurora Spring op U2000"]
[Site "Aurora"]
[Date "2018.03.24"]
[Round "1.7"]
[White "Qiao, Joey"]
[Black "Zhao, Jeffrey R"]
[Result "1-0"]
[WhiteElo "1609"]
[BlackElo "1787"]
[PlyCount "155"]
[EventDate "2018.03.24"]
[EventType "swiss"]
[EventRounds "5"]
[EventCountry "CAN"]
[SourceTitle "EXT 2022"]
[Source "ChessBase"]
[SourceDate "2021.10.06"]
[SourceVersion "1"]
[SourceVersionDate "2021.10.06"]
[SourceQuality "1"]

1. e4 c5 2. Nf3 d6 3. d4 cxd4 4. Nxd4 Nf6 5. Nc3 a6 6. a4 e5 7. Nb3 Be6 8. Be2 Nc6 9. Be3 Be7 10. h3 0-0 11. 0-0 d5 12. exd5 Nxd5 13. Nxd5 Bxd5 14. Bf3 Bxf3 15. Qxf3 Qc7 16. Qe2 Bf6 17. c3 Rfe8 18. Rfd1 e4 19. Rd2 Rad8 20. Rad1 Rxd2 21. Rxd2 h6 22. Kh1 Ne5 23. Bf4 Qc6 24. Bxe5 Bxe5 25. Na5 Qxa4 26. Nxb7 Rc8 27. Rd5 Bf6 28. Nc5 Qc6 29. Qxa6 Qxd5 30. Qxc8+ Kh7 31. Nd7 Be7 32. Nf8+ Bxf8 33. Qxf8 f5 34. b4 Qe5 35. Qc5 Qe6 36. Qe3 Qe5 37. f3 Qd5 38. fxe4 fxe4 39. Kg1 Qd1+ 40. Kf2 Qd5 41. Qe2 Qf5+ 42. Ke3 Qe5 43. Qc2 Qg5+ 44. Kf2 Qf4+ 45. Ke2 Kh8 46. b5 e3 47. Ke1 Qg3+ 48. Kd1 Qh2 49. Qe2 Qd6+ 50. Kc2 Qe6 51. Kd3 Qe5 52. c4 Qf5+ 53. Kxe3 Qe5+ 54. Kd3 Qd6+ 55. Kc2 Qb4 56. Qd3 Qc5 57. Kb3 Qg1 58. Qd8+ Kh7 59. b6 Qb1+ 60. Ka4 Qa2+ 61. Kb5 Qb3+ 62. Kc5 Qa3+ 63. Kc6 Qa4+ 64. Kd6 Qxc4 65. b7 Qb4+ 66. Kc7 Qa5+ 67. Kc8 Qc5+ 68. Kb8 Qe5+ 69. Qc7 Qe8+ 70. Ka7 Qa4+ 71. Kb6 Qb4+ 72. Ka6 Qa3+ 73. Qa5 Qd6+ 74. Ka7 Qd4+ 75. Ka8 Qe4 76. g4 Qg2 77. Qc7 Kh8 78. Qc8+ 1-0

[Event "Aurora Spring op U2000"]
[Site "Aurora"]
[Date "2017.04.01"]
[Round "2.7"]
[White "Zhao, Jeffrey R"]
[Black "Kilroy, Evan"]
[Result "1/2-1/2"]
[WhiteElo "1180"]
[BlackElo "1612"]
[PlyCount "49"]
[EventDate "2017.04.01"]
[EventType "swiss"]
[EventRounds "5"]
[EventCountry "CAN"]
[SourceTitle "EXT 2022"]
[Source "ChessBase"]
[SourceDate "2021.10.06"]
[SourceVersion "1"]
[SourceVersionDate "2021.10.06"]
[SourceQuality "1"]

1. e4 e5 2. Nf3 Nc6 3. Bb5 a6 4. Ba4 Nf6 5. 0-0 Bc5 6. Re1 b5 7. Bb3 0-0 8. c3 d6 9. h3 Be6 10. Bc2 d5 11. exd5 Qxd5 12. d3 Bf5 13. Be3 Rad8 14. Bxc5 Qxc5 15. Nh4 Bxd3 16. Bxd3 e4 17. Nd2 Rxd3 18. Qe2 Qd5 19. Nxe4 Nxe4 20. Qxe4 Qxe4 21. Rxe4 Rd2 22. Rb1 Rfd8 23. Nf3 R2d5 24. Rbe1 Rf8 25. a4 1/2-1/2